Представление документа в формате MARC21

ПолеНазваниеЗначение
  Тип записи a
  Библиографический уровень m
001 Контрольный номер RU/URAIT/514610
003 Принадлежность контрольного номера https://urait.ru/bcode/514610
005 Дата корректировки 20230913130123.9
008 Кодируемые данные
020 Индекс ISBN __
a ISBN 978-5-534-02124-0
c Цена, тираж 1359.00
040 Источник каталогиз. __
a Служба первич. каталог. ИКО Юрайт
b Код языка каталог. rus
c Служба, преобразующая запись ИКО Юрайт
041 Код языка издания 0_
a Код языка текста rus
044 Код страны публикации __
a Код страны публикации RU
073 _1
a 9785534021240
d 1359.00
080 Индекс УДК __
a Индекс УДК 517.9(075.8)
084 Индекс другой классификации/Индекс ББК __
a Индекс другой классификации/Индекс ББК 22.161.6я73
2 Источник индекса rubbk
091 Индексы/ коды __
a Индекс ББК (DOS) 22.161.6я73
z rubbk
100 Автор 1_
a Автор Стеклов В. А.
q Полное имя Владимир Андреевич
230 __
a Электрон. дан.
245 Заглавие 00
a Заглавие Основы теории интегрирования обыкновенных дифференциальных уравнений
b Продолж. заглавия учебное пособие
c Ответственность В. А. Стеклов.
260 Выходные данные 1_
a Место издания Москва
b Издательство Юрайт
c Дата издания 2023
300 Физическое описание __
a Объем 427 с
440 Серия _0
a Серия Высшее образование
500 Примечания __
a Примечание URL: https://urait.ru/bcode/514610 (дата обращения: 13.09.2023).
520 Аннотация __
a Аннотация В учебном пособии излагаются основные начала теории интегрирования обыкновенных дифференциальных уравнений, дается понятие об интегралах, общих интегралах, интегральных уравнениях, о частных и особенных решениях. Особое внимание уделено теории линейных уравнений с постоянными коэффициентами. Теория иллюстрируется разнообразными примерами из различных областей анализа, геометрии, общей механики и астрономии.
538 Прим. о системных особенностях __
a Прим. о системных особенностях Режим доступа: Электронно-библиотечная система Юрайт, для авториз. пользователей
653 Ключевые слова 2_
a Ключевые слова Математический анализ
653 Ключевые слова 2_
a Ключевые слова Математика и статистика
653 Ключевые слова 2_
a Ключевые слова Дифференциальные и интегральные уравнения
653 Ключевые слова 2_
a Ключевые слова Дифференциальные уравнения
653 Ключевые слова 2_
a Ключевые слова Дифференциальное и интегральное исчисление
653 Ключевые слова 2_
a Ключевые слова Дифференциальные и разностные уравнения
653 Ключевые слова 2_
a Ключевые слова Обыкновенные дифференциальные уравнения
653 Ключевые слова 2_
a Ключевые слова Дополнительные вопросы дифференциальных уравнений
653 Ключевые слова 2_
a Ключевые слова Дополнительные главы теории дифференциальных уравнений
653 Ключевые слова 2_
a Ключевые слова Избранные вопросы дифференциальных уравнений
653 Ключевые слова 2_
a Ключевые слова Дополнительные главы обыкновенных дифференциальных уравнений
856 Электронный адрес документа 40
n Местонахождение сервера Юрайт
g Электронная книга
q Тип электронного формата html
h Имя пользователя ЮРАЙТ
v Часы доступа к ресурсу 20251231
2 Способ доступа Показать документ
x Служебное примечание https://urait.ru/book/cover/6BBC87AC-4B4C-4A56-810B-C0489CD6521D
u URL https://urait.ru/bcode/514610
856 Электронный адрес документа 41
q Тип электронного формата cover
u URL https://urait.ru/book/cover/6BBC87AC-4B4C-4A56-810B-C0489CD6521D